[Event "Penang op-B 14th"]
[Site "Penang"]
[Date "2022.12.20"]
[Round "3"]
[White "Lee, Jie Zhen Tedric"]
[Black "Sung, Tze Shyan Evin"]
[Result "1-0"]
[WhiteElo "1134"]
[BlackElo "1308"]
[PlyCount "47"]
[EventDate "2022.12.19"]
[EventType "swiss"]
[EventRounds "9"]
[EventCountry "MAS"]
[SourceTitle "EXT 2024"]
[Source "ChessBase"]
[SourceDate "2023.10.10"]
[SourceVersion "1"]
[SourceVersionDate "2023.10.10"]
[SourceQuality "1"]

1. e4 c6 2. d4 d5 3. Nd2 Nf6 4. e5 Nfd7 5. Bd3 e6 6. c3 c5 7. Ne2 cxd4 8. cxd4 Nc6 9. 0-0 Be7 10. f4 Qb6 11. Nb3 a5 12. a4 f6 13. Kh1 0-0 14. Ng3 fxe5 15. dxe5 Nc5 16. Nxc5 Bxc5 17. Qh5 g6 18. Bxg6 hxg6 19. Qxg6+ Kh8 20. Nh5 Qc7 21. Nf6 Rxf6 22. exf6 Bf8 23. f7 Nd8 24. Qg8# 1-0